Transferencia de cantidad de movimiento, calor y materia / C. O. Bennett, J. E. Meyers (Registro nro. 18793)

Detalles MARC
000 -LÍDER
fixed length control field 00531nam a2200157 4500
008 - ELEMENTOS DE LONGITUD FIJA -- INFORMACIÓN GENERAL
fixed length control field 0 1979 0a 000 0mex
020 ## - NÚMERO INTERNACIONAL NORMALIZADO PARA LIBROS
ISBN 84-291-7051-0
050 ## - SIGNATURA TOPOGRAFICA DE LA BIBLIOTECA DEL CONGRESO (LC)
Número de Clasificación TP156.T7 B46 1979 T.I
082 ## - NUMERO DE CLASIFICACION DECIMAL DEWEY
Número de Clasificación 660.2842 B163t T.I
100 ## - ASIENTO PRINCIPAL--NOMBRE PERSONAL
Nombre personal Bennett, C.O.
245 ## - TÍTULO
Título Transferencia de cantidad de movimiento, calor y materia / C. O. Bennett, J. E. Meyers
260 ## - PUBLICACIÓN, DISTRIBUCIÓN, ETC. (PIE DE IMPRENTA)
Lugar de publicación, distribución, etc. España : Reverte
300 ## - DESCRIPCIÓN FÍSICA
Extensión 458 p. T.I / 25 cm.
650 ## - ASIENTO SECUNDARIO DE MATERIA - TERMINO TEMÁTICO
Término temático o nombre geográfico como elemento de entrada 1. TRANSFERENCIA DE CALOR 2. TRANSFERENCIA DE MATERIA
700 ## - ASIENTO SECUNDARIO - NOMBRE PERSONAL
Nombre personal I. Myers, J. E., coaut.
Existencias
No. biblioteca No. biblioteca Número de clasificación Código de barras/Número de adquisición Número de copia Tipo de material
LUIS G. INCLAN LUIS G. INCLAN 660.2842 B163t T.I 10829 1 Libros
LUIS G. INCLAN LUIS G. INCLAN 660.2842 B163t T.I 45429 2 Libros
Calzada Tecnológico # 27, Zacatepec, Morelos.
01(734) 343-07-23 / 343-21-10 / 343-21-11
Apdo. Postal 45 C.P 62780